Interkultúrna komunikácia v podnikateľskom prostredí
Analýza problematiky kultúrnych dimenzií a interkultúrnej výchovy v podniku s poskytnutím možností a foriem následnej aplikácie v podmienkach medzinárodného manažmentu.
Gespeichert in:
| 1. Verfasser: | |
|---|---|
| Format: | Buchkapitel |
| Sprache: | Slowakisch |
| Schlagworte: | |
| Tags: |
Keine Tags, Fügen Sie das erste Tag hinzu!
|
MARC
| LEADER | 00000nla a2200000 4500 | ||
|---|---|---|---|
| 001 | 0164342 | ||
| 005 | 20240502072851.6 | ||
| 041 | 0 | |a slo | |
| 044 | |a SK | ||
| 245 | 1 | 0 | |a Interkultúrna komunikácia v podnikateľskom prostredí |c Lucia Capáková |
| 520 | |a Analýza problematiky kultúrnych dimenzií a interkultúrnej výchovy v podniku s poskytnutím možností a foriem následnej aplikácie v podmienkach medzinárodného manažmentu. | ||
| 610 | 2 | 0 | |a manažéri |
| 610 | 2 | 0 | |a manažment medzinárodný |
| 610 | 2 | 0 | |a komunikácia interkultúrna |
| 610 | 2 | 0 | |a zvyklosti kultúrne |
| 610 | 2 | 0 | |a zvyklosti obchodné |
| 100 | 1 | |a Capáková, Lucia | |